| 000 | 00755nam a2200241 a 4500 | ||
|---|---|---|---|
| 001 | 000023126 | ||
| 005 | 20200930022014.0 | ||
| 008 | 101126s1999 sp r 000 | spa d | ||
| 020 | _a8489163715 | ||
| 040 |
_aDO-SdBNP _bspa _cBNPHU |
||
| 082 |
_axxx _bN677 |
||
| 100 | 1 |
_aNietzsche, Friedrich _944431 |
|
| 240 | 0 |
_aAlso sprach Zarathustra. _lespañol |
|
| 245 | 1 | 0 |
_aAsí habló Zaratustra / _cFriedrich Nietzsche ; traducción de José Luis Patcha. |
| 260 |
_aMadrid : _bJ.M., _c1999. |
||
| 300 |
_a284 p. ; _c20 cm. |
||
| 490 |
_aClásicos Universales ; _v36 |
||
| 534 |
_aTítulo original : _tAlso sprach Zarathustra |
||
| 700 | 1 |
_aPatcha, José Luis _etr _947613 |
|
| 830 | 1 | 0 |
_aClásicos Universales ; _v36 _9266 |
| 049 | _aBNGR | ||
| 049 | _aBNGR | ||
| 999 |
_c22623 _d22623 |
||